To know where he lies (Record no. 166235)
[ view plain ]
| 000 -LEADER | |
|---|---|
| fixed length control field | 01597nam a2200373Ia 4500 |
| 082 04 - DEWEY DECIMAL CLASSIFICATION NUMBER | |
| Classification number | 949.703 |
| 100 1# - MAIN ENTRY--AUTHOR NAME | |
| Personal name | Wagner, Sarah E., |
| 245 10 - TITLE STATEMENT | |
| Title | To know where he lies |
| 260 ## - PUBLICATION, DISTRIBUTION, ETC. (IMPRINT) | |
| Place of publication | Berkeley : |
| Name of publisher | University of California Press, |
| Year of publication | c2008. |
| 300 ## - PHYSICAL DESCRIPTION | |
| Number of Pages | xvii, 330p. ; |
| Other physical details | ill., 1 map . |
| 650 #0 - SUBJECT ADDED ENTRY--TOPICAL TERM | |
| Topical Term | Yugoslav War, 1991-1995 |
| Topical Term | Missing persons |
| Topical Term | DNA fingerprinting |
| 856 40 - ELECTRONIC LOCATION AND ACCESS | |
| Uniform Resource Identifier | http://site.ebrary.com/lib/rucke/Doc?id=10675824 |
No items available.
